000 00439nam a2200157 a 4500
001 000049162
005 20201002061711.0
008 190724s2000 dr a 000 spa d
040 _aDO-SdBNP
_bspa
_cBNPHU
082 _axxx
_bP438c
100 _aPérez, Guillo
_918631
245 0 _aCanto al Valle del Cibao. /
_c/Guillo Pérez.
260 _aSanto Domingo,
_c2000.
300 _a45 p. :
_bil ;
_c21 cm.
590 _aInventariado, 2019, / DG
999 _c48650
_d48650